Aplicación de instrumentos económicos en la gestión ambiental en América Latina y el Caribe: desafíos y factores condicionantes
Αποθηκεύτηκε σε:
| Κύριος συγγραφέας: | |
|---|---|
| Μορφή: | Βιβλίο |
| Γλώσσα: | Ισπανικά |
| Έκδοση: |
Santiago
Naciones Unidas
2001
|
| Σειρά: | Medio Ambiente y Desarrollo
|
| Θέματα: | |
| Ετικέτες: |
Προσθήκη ετικέτας
Δεν υπάρχουν, Καταχωρήστε ετικέτα πρώτοι!
|
MARC
| LEADER | 00000nam a2200000 a 4500 | ||
|---|---|---|---|
| 001 | UCG2914 | ||
| 003 | CL-VaPUC | ||
| 008 | 100729e20010100CL |||||||||||||||||spa|d | ||
| 020 | |a 9213217870 | ||
| 082 | 0 | 4 | |a 354 |b ACQ |2 21 |
| 100 | 0 | |a Acquatella, Jean |e author |9 551588 | |
| 245 | 1 | 0 | |a Aplicación de instrumentos económicos en la gestión ambiental en América Latina y el Caribe: desafíos y factores condicionantes |
| 300 | |a 83 p | ||
| 942 | |c BK | ||
| 945 | |d 20100729 00:00:00 |a mfarfan | ||
| 260 | |a Santiago |b Naciones Unidas |c 2001 | ||
| 650 | 0 | |a Gestión ambiental |9 338121 | |
| 650 | 7 | |a INSTRUMENTOS ECONOMICOS |2 CL-VaPUC |9 551589 | |
| 651 | 0 | |a América Latina |9 255027 | |
| 583 | |a last modification |c 20100729 00:00:00 |k Rodrigo Vera | ||
| 490 | 0 | |a Medio Ambiente y Desarrollo | |
| 999 | |c 342015 |d 342013 | ||
| 952 | |0 0 |1 0 |4 0 |6 354_000000000000000_ACQ_2001 |7 0 |8 A |9 437954 |a BIBGIM |b BIBGIM |d 2019-11-22 |i 4699629 |o 354 ACQ 2001 |p 4699629 |r 2025-01-15 |w 2019-11-22 |y BK |k GIM | ||